I am not big bird / directed by Victor Villanueva ; produced by Enrique Gil, Carlo L. Katigbak, Kriz G. Gazmen, Bianca Balbuena, Ian Monsod, Annecy Cherie Bautista, Charrie M. Avendaño, Katherine S. Libayen, Bradley Liew, Patti Lapus ; written by Lilit Reyes and Joma Libayen. (Record no. 20798)

000 -LEADER
fixed length control field 01186nam a22002177a 4500
008 - FIXED-LENGTH DATA ELEMENTS--GENERAL INFORMATION
fixed length control field 250527b xxu||||| |||| 00| 0 eng d
040 ## - CATALOGING SOURCE
Original cataloging agency Cagayan State University
082 ## - DEWEY DECIMAL CLASSIFICATION NUMBER
Classification number 791.4372
Item number I111 2024
245 ## - TITLE STATEMENT
Title I am not big bird / directed by Victor Villanueva ; produced by Enrique Gil, Carlo L. Katigbak, Kriz G. Gazmen, Bianca Balbuena, Ian Monsod, Annecy Cherie Bautista, Charrie M. Avendaño, Katherine S. Libayen, Bradley Liew, Patti Lapus ; written by Lilit Reyes and Joma Libayen.
260 ## - PUBLICATION, DISTRIBUTION, ETC. (IMPRINT)
Place of publication, distribution, etc Philippines :
Name of publisher, distributor, etc Star Cinema,
Date of publication, distribution, etc 2024.
300 ## - PHYSICAL DESCRIPTION
Extent 1 videofile, (ca. 96 mins.) :
Other physical details sound, color.
520 ## - SUMMARY, ETC.
Summary, etc A 30-something virgin who, dejected after his girlfriend turns down his marriage proposal, heads off on holiday to Thailand with a bunch of friends. Once there, a peculiar chain of events ensues when Gil's character is mistaken for a famous Thai porn star, the "Big Bird" of the title.
546 ## - LANGUAGE NOTE
Language note In English subtitle.
650 ## - SUBJECT ADDED ENTRY--TOPICAL TERM
Topical term or geographic name as entry element Comedy.
700 ## - ADDED ENTRY--PERSONAL NAME
Personal name Gil, Enrique, star.
700 ## - ADDED ENTRY--PERSONAL NAME
Personal name Herrera, Pepe, star.
700 ## - ADDED ENTRY--PERSONAL NAME
Personal name Natividad, Nikko, star.
700 ## - ADDED ENTRY--PERSONAL NAME
Personal name Ollero, Red, star.
700 ## - ADDED ENTRY--PERSONAL NAME
Personal name Evangelio, Steven Paul, cinematographer.
942 ## - ADDED ENTRY ELEMENTS (KOHA)
Source of classification or shelving scheme
Item type Audio-Visual Materials
Holdings
Source of acquisition Price effective from Permanent location Date last seen Not for loan Date acquired Source of classification or shelving scheme Koha item type Collection code Shelving location Damaged status Lost status Withdrawn status Current location Full call number
Donation2025-05-27Cagayan State University - Carig Library2025-05-27 2025-05-27 Audio-Visual MaterialsElectronic Media CenterElectronic Media Center   Cagayan State University - Carig Library791.4372 I111 2020

Cagayan State University University Library, Carig Campus
Tuguegarao City, Cagayan 3500 | www.csucarig.edu.ph

Powered by Koha